=LDR 00000nam 2200000 4500 =001 INLIS000000000010020 =005 20130612101748 =008 ***********************************Ind** =035 ##$$0010-061300000010020 =041 ##$$a Ind =082 ##$$a 530.76 =090 ##$$a 530.76, Sul i =100 ##$$a SULISTYO =245 ##$$a Intisari Fisika untuk SLTP =260 ##$$a 2003 $b Bandung =300 ##$$a 404 hlm., ilus., 21 cm =650 ##$$a Fisika - tes dan Evaluasi =850 ##$$a NBPNMAT